Statistics for All Keys on Keyboard (Symbols Only)

Click here to take the quiz!

General Stats

  • This quiz has been taken 82 times
  • The average score is 61 of 68

Answer Stats

Answer% Correct
~
100%
-
100%
{
100%
]
100%
[
100%
+
100%
=
100%
_
100%
)
100%
#
100%
(
100%
*
100%
^
100%
%
100%
$
100%
!
100%
}
100%
\
100%
@
100%
"
100%
`
100%
,
100%
/
100%
?
100%
.
100%
'
100%
:
100%
;
100%
|
100%
&
100%
>
100%
<
100%
e
90%
c
88%
d
88%
r
88%
s
88%
u
88%
a
86%
f
86%
h
86%
l
86%
p
86%
q
86%
t
86%
g
83%
i
83%
j
83%
n
83%
o
83%
w
83%
y
83%
b
81%
k
81%
m
81%
x
81%
v
79%
z
76%
1
74%
2
71%
3
69%
4
69%
5
69%
6
69%
7
69%
8
69%
9
69%
0
67%

Score Distribution

Percentile by Number Answered

Percent of People with Each Score

Your Score History

You have not taken this quiz